00666nam a2200157 i 4500001000700000003000900007005001700016008004100033245020400074260006300278300002000341650003600361700004200397700004500439852002400484184560ES-MaACL20251006202419.0151022s1849 sp |||| | spa d00aColección de Cánones de la Iglesia española / cpublicada en latín... por Don Francisco Antonio Gonzalez... ; traducida al castellano, con notas é ilustraciones por D. Juan Tejada y Ramiro. aMadrid : b[s.n.], c1849 (fImp. de D. José Mª Alonso) a5 v. ; c31 cm. 7aDerecho canónico-zEspaña21 aTejada y Ramiro, Juan,d1811-ca. 18701 aGonzález, Francisco Antonio, dm. 1833 aES-MaACLjF-3370-74